Online Public Access Catalog -OPAC

Contemporary topics in analytical and clinical chemistry, Vol. 3 (Record no. 13661)

MARC details
000 -LEADER
fixed length control field 00650nam a2200169Ia 4500
008 - FIXED-LENGTH DATA ELEMENTS--GENERAL INFORMATION
fixed length control field 1978nyua er a 1 |engdd
020 ## - INTERNATIONAL STANDARD BOOK NUMBER
International Standard Book Number 306335220
040 ## - CATALOGING SOURCE
Original cataloging agency A B U- Za
050 ## - LIBRARY OF CONGRESS CALL NUMBER
Classification number QD 71
245 #0 - TITLE STATEMENT
Title Contemporary topics in analytical and clinical chemistry, Vol. 3
Statement of responsibility, etc. edited by David M. Hercules, Gary M. Hieftje, Lloyd R. Snyder and Merle A. Evenson
260 ## - PUBLICATION, DISTRIBUTION, ETC.
Place of publication, distribution, etc. London
Name of publisher, distributor, etc. Plenum Press
Date of publication, distribution, etc. 1978
300 ## - PHYSICAL DESCRIPTION
Extent x., 286p., :ill.,
504 ## - BIBLIOGRAPHY, ETC. NOTE
Bibliography, etc. note Includes Index and Bibliography
650 ## - SUBJECT ADDED ENTRY--TOPICAL TERM
Topical term or geographic name entry element Chemistry, Analytical
700 ## - ADDED ENTRY--PERSONAL NAME
Personal name David M. Hercules;Gary M. Hieftje;Lloyd R. Snyder;Merle A. Evenson

No items available.

Customized by ICT Technical Service Unit on 29th Dec 2022

Kashim Ibrahim Library